Urban cowboy : (Запис № 561473)

МАРК-запис
000 -LEADER
fixed length control field 01200nam a2200265Mi 4500
001 - CONTROL NUMBER
control field urbancowboynovel00lath
003 - CONTROL NUMBER IDENTIFIER
control field CaSfIA
005 - DATE AND TIME OF LATEST TRANSACTION
control field 20210119105318.0
007 - PHYSICAL DESCRIPTION FIXED FIELD--GENERAL INFORMATION
fixed length control field cr||||
008 - FIXED-LENGTH DATA ELEMENTS--GENERAL INFORMATION
fixed length control field 010531s1980 nyu 000 0 eng d
040 ## - CATALOGING SOURCE
Original cataloging agency DE-604
Description conventions rakwb
Language of cataloging ger
Transcribing agency DEBBG
Modifying agency CaSfIA
020 ## - INTERNATIONAL STANDARD BOOK NUMBER
International Standard Book Number 055313826X
020 ## - INTERNATIONAL STANDARD BOOK NUMBER
International Standard Book Number 9780553138269
035 ## - SYSTEM CONTROL NUMBER
System control number (OCoLC)635108543
029 0# - (OCLC)
OCLC library identifier DEBBG
System control number BV013752361
100 1# - MAIN ENTRY--PERSONAL NAME
Personal name Latham, Aaron.
245 00 - TITLE STATEMENT
Title Urban cowboy :
Medium [electronic resource]
Remainder of title a novel ; based on a screenplay by James Bridges and Aaron Latham /
Statement of responsibility, etc by Aaron Latham.
260 ## - PUBLICATION, DISTRIBUTION, ETC. (IMPRINT)
Place of publication, distribution, etc New York :
Name of publisher, distributor, etc Bantam Books,
Date of publication, distribution, etc 1980.
300 ## - PHYSICAL DESCRIPTION
Extent 294 S.
506 ## - RESTRICTIONS ON ACCESS NOTE
Standardized terminology for access restriction Необхідна авторизація на https://archive.org/ (створення облікового запису безкоштовно)
506 ## - RESTRICTIONS ON ACCESS NOTE
Standardized terminology for access restriction Необхідна авторизація на https://openlibrary.org/ (створення облікового запису безкоштовно)
856 41 - ELECTRONIC LOCATION AND ACCESS
Uniform Resource Identifier <a href="http://www.archive.org/details/urbancowboynovel00lath">http://www.archive.org/details/urbancowboynovel00lath</a>
Public note Free eBook from the Internet Archive
856 42 - ELECTRONIC LOCATION AND ACCESS
Uniform Resource Identifier <a href="http://www.openlibrary.org/books/OL24368451M">http://www.openlibrary.org/books/OL24368451M</a>
Public note Additional information and access via Open Library
942 ## - ADDED ENTRY ELEMENTS (KOHA)
Koha item type ЕКнига

Немає доступних примірників.